01263nam a2200313Ia 4500001000700000003000500007008004100012010001100053040000900064090001700073100003700090245018500127260004100312300001000353502007600363650002600439650003400465650002800499650003300527700004200560901001700602902000600619910000900625942000600634942000600640999001900646952014200665952014200807Z_3785CHAP220113s2001 xx 000 0 und d a163614 cCHAP aTesis M 1531 aMiñón Huesca, Ernesto976028 aComportamiento productivo y calidad de huevo, de gallinas alimentadas con dietas suplementadas con aceite de atún /cpor Ernesto Miñón Huesca y Ana Karina Sánchez Durán aChapingo, Méx. :bEl autor,c2001 a71 h. aTesis (Ing. Agr. Esp. en Zootecnia) -- UACH. Departamento de Zootecnia aAceite de atún9423 aGallinasxNutrición 944443 aHuevosxCalidad 956742 aHuevosxProducción 956759 aSánchez Durán, Ana Karina9107479 aTESIS M 1531 aM a2001 c2 c2 c163614d163614 00102local4051708TESISaZbZd2005-11-09eEL autorl0oTesis M56 1531 2001p5101002473r2022-01-18 00:00:00tEj.1w2022-01-18yTESIS 00102local4055708TESISaZbZd2005-11-09eEL autorl0oTesis M56 1531 2001p5101002474r2022-01-18 00:00:00tEj.2w2022-01-18yTESIS